000 004180000a22001810004500
003 MACL
005 20151001163652.0
008 151001b xxu||||| |||| 00| 0 eng d
040 _aMACL
_cMACL
041 _aEnglish
082 _a910
100 _aOutlook Traveller
_913112
245 _aEgypt
260 _bOutlook Publishing
_c2006
350 _a445
650 _aGeography & Travels
_97743
942 _cBK
_k910
_2ddc
999 _c8675
_d8675